LEADER 01396nam a2200301 a 4500 001 000000133098 003 CaOOAMICUS 005 20130312110346.0 008 130312s2007 ne u000 u eng r 020 $a978-90-481-7553-6 040 $aPUL$bita 082 04$a181 245 00$aTiming and temporality in Islamic philosophy and phenomenology of life /$cedited by Anna-Teresa Tymieniecka. 260 $aDordrecht :$bSpringer,$c©2007. 300 $axii, 344 p. ;$c24 cm 490 1 $aIslamic philosophy and Occidental phenomenology in dialogue ;$v03 504 $aComprende riferimenti bibliografici ed indice. 650 4$aFilosofia islamica$xCritica e interpretazione.$0(OLS)http://pul/subject/14915 700 1 $aTymieniecka, Anna-Teresa.$0(OLS)http://pul/name/34937 830 0$aIslamic philosophy and Occidental phenomenology in dialogue ;$v03.$0(OLS)http://pul/title/168162 850 $aPUL 852 $aPUL$W1$xSL Filosofia 3$y81$m181 TYMAN 2$j153037$qDDC 21$B152533$CPULBib$Z2$F152533 $H121926 $82 941 1 $a9 996 $6020$a978-90-481-7553-6$9(OLS)http://pul/number/152074 996 $6082$a181$9(OLS)http://pul/classification/513 996 $6245$aTiming and temporality in Islamic philosophy and phenomenology of life$9(OLS)http://pul/title/168161 996 $6260$aDordrecht :$bSpringer$9(OLS)http://pul/publisher/77549 LEADER 01146nam a2200289 a 4500 001 000000173501 003 CaOOAMICUS 005 20200528093859.0 008 200528s2019 it kd u000 u ita r 020 $a978-88-217-6625-1* 032 $aLibriCat 040 $aPUL$bita 082 04$a346.45066 245 03$aLa societą /$ca cura di Vincenzo Donativi. 260 $aMilanofiori Assago :$bWolters Kluwer,$c©2019. 300 $aXXX, 1368 p.;$b$c24 cm 490 1 $aItinera. Guide giuridiche Ipsoa 650 4$aSocietą.$0(OLS)http://pul/subject/7210 830 0$aItinera$pGuide giuridiche (Ipsoa).$pSocietą.$0(OLS)http://pul/title/173300 850 $aPUL 852 $aPUL$W1$xSL Diritto e Scienze Sociali 3$y79$m348 COLL 3.26$j197492$qDDC 21$B202277$CPULBib$Z2$F202277 $H134153 $82 941 1 $a9 996 $6020$a978-88-217-6625-1*$9(OLS)http://pul/number/167501 996 $6082$a346.45066$9(OLS)http://pul/classification/3293 996 $6245$aLa societą$9(OLS)http://pul/title/192217 996 $6260$aMilanofiori Assago :$bWolters Kluwer$9(OLS)http://pul/publisher/81463